000 00522nam a2200193Ia 4500
008 240729s9999 xx 000 0 und d
022 _a2195-7045
245 0 _aEPJ Techniques and Instrumentation
260 _aGermany
260 _bSpringerOpen
650 _a Descriptive and experimental mechanics
650 _a Optics. Light | Science
650 _a Physics
650 _a Physics
650 _aScience
856 _uhttps://doaj.org/toc/abc8910514424c81909ec4a4c89f40de
942 _2ddc
942 _cDOAJEJ
999 _c74492
_d74492
945 _a1
_bMadushi Gamage
_c1
_dMadushi Gamage